| 000 | 00462 a2200157 4500 | ||
|---|---|---|---|
| 005 | 20250522162301.0 | ||
| 020 | _a0-13-208608-5 | ||
| 082 | _a658.72 CHO | ||
| 100 | _aCHOPRA, S. | ||
| 245 | _aSupply Chain Management: Strategy, Planning and Operation. | ||
| 250 | _a3rd Ed. | ||
| 260 |
_aNew Jersey, _bPrentice Hall, _c2007. |
||
| 300 |
_axv, 536p.: Ill.;figures & table _bBibliographical references & Index _c25cm. |
||
| 700 | _aMEINDL, P. | ||
| 942 |
_2ddc _cBKS |
||
| 999 |
_c2553 _d2553 |
||